000 00333nam a2200157Ia 4500
008 210310s9999 xx 000 0 und d
020 _a#N/A
100 _aSalvador Oria
_928934
245 0 _aFinanzas
260 _c1948
300 _b#N/A
440 _a#N/A
_928935
500 _a#N/A
505 _a#N/A
650 _a#N/A
_928936
999 _c12685
_d12685